BIBLIOTECA PODER JUDICIAL
Portal Judicial TDF

La importancia de los vínculos y la escucha de los y las adolescentes en los procesos adoptivos / (Registro nro. 6056)

000 -LEADER
fixed length control field 01261nab a22002297a 4500
003 - CONTROL NUMBER IDENTIFIER
control field OSt
005 - DATE AND TIME OF LATEST TRANSACTION
control field 20260120234655.0
008 - FIXED-LENGTH DATA ELEMENTS--GENERAL INFORMATION
fixed length control field 190514b xxu||||| |||| 00| 0 spa d
040 ## - CATALOGING SOURCE
Transcribing agency PJ
100 ## - MAIN ENTRY--PERSONAL NAME
9 (RLIN) 6673
Personal name Auberge, Julieta Michelle
245 13 - TITLE STATEMENT
Title La importancia de los vínculos y la escucha de los y las adolescentes en los procesos adoptivos /
Statement of responsibility, etc Julieta Michelle Auberge.
300 ## - PHYSICAL DESCRIPTION
Extent p. 145-153
500 ## - GENERAL NOTE
General note Cita: TR LALEY AR/DOC/254/2024.
505 ## - FORMATTED CONTENTS NOTE
Formatted contents note Sumario: I. Palabras introductorias.— II. Antecedentes del caso.— III. La importancia de los vínculos para la construcción de identidades.— IV. El efecto pleno en la adopción por integración.— V. La voz de A. en el proceso y la importancia de su consentimiento.— VI. Conclusión.
505 ## - FORMATTED CONTENTS NOTE
Title Fallo comentado: JCiv. y Com., Conciliación y Familia, Huinca Renancó ~ 05/06/2023 ~ G. C. H., A. s/ adopción simple — adopción por integración.
650 #0 - SUBJECT ADDED ENTRY--TOPICAL TERM
9 (RLIN) 967
Topical term or geographic name as entry element DERECHO DE FAMILIA
650 #0 - SUBJECT ADDED ENTRY--TOPICAL TERM
9 (RLIN) 974
Topical term or geographic name as entry element ADOPCIÓN
650 #0 - SUBJECT ADDED ENTRY--TOPICAL TERM
9 (RLIN) 5662
Topical term or geographic name as entry element ADOLESCENTES
650 #0 - SUBJECT ADDED ENTRY--TOPICAL TERM
9 (RLIN) 1057
Topical term or geographic name as entry element JURISPRUDENCIA APLICABLE
773 0# - HOST ITEM ENTRY
Host Biblionumber 2844
Host Itemnumber 3222
Place, publisher, and date of publication Buenos Aires : AbeledoPerrot, 1989-
Title Derecho de familia. Revista Interdisciplinaria de doctrina y jurisprudencia. Abril 2024-II.
International Standard Book Number 18511201
942 ## - ADDED ENTRY ELEMENTS (KOHA)
Source of classification or shelving scheme
Koha item type Analítica Artículo de Revista

No hay ítems disponibles.

12 de Octubre 789 Ushuaia - Tel:  54(02901)441571
Horario de Atención: 8.00 a 17.00 hs. 
bibliotecaush@justierradelfuego.gov.ar
koha@justierradelfuego.gov.ar
Seguinos en nuestras redes @bibliojustdf 

Con tecnología Koha